| 000 | 01060nam a2200229Ii 4500 | ||
|---|---|---|---|
| 003 | JO-AjNU | ||
| 008 | 230605s9999||||xx |||||||||||||| ||und|| | ||
| 017 | _a2008/6/1993 | ||
| 020 | _a978-9957-16-432-4 | ||
| 040 |
_aJO-AjNU _bara _erda _cJO-AjNU |
||
| 041 | _aara | ||
| 050 | 1 | 4 | _aK5468.M33.2015 |
| 100 | 3 |
_a المعايطة، منصور عمر , _eauthor _950717 |
|
| 245 | 0 | 0 | _aالأدلة الجنائية والتحقيق الجنائي لرجال القضاء والادعاء العام والمحامين وأفراد الضابطة العدلية |
| 250 | _aط3 | ||
| 264 | 3 | 1 | _aعمان : دار الثقافة ، 2015 |
| 300 |
_a270ص _bيشتمل على ملحق الصور والأشكال ومدلولاتها ص (255 - 264) ويشتمل على المراجع باللغة العربية والأجنبية ص (267 - 270) |
||
| 336 |
_atext _btxt _2rdacontent |
||
| 337 |
_aunmediated _bn _2rdamedia |
||
| 338 |
_avolume _bnc _2rdacarrier |
||
| 650 | 4 |
_aالجريمة -- القانون الجنائي -- أصول المحاكم _950718 |
|
| 999 |
_aA22358 _c25926 _d25926 |
||